| 000 | 01517cam a2200301 i 4500 | ||
|---|---|---|---|
| 003 | SA-RiAUC | ||
| 005 | 20250127063634.0 | ||
| 008 | 250126s2000 su g b 00010dara c | ||
| 020 | _a9960367851 | ||
| 040 |
_aSA-JeALM _bara _cSA-RiAUC _erda |
||
| 041 | 1 |
_aara _hper |
|
| 082 | 0 | 4 | _a016.23 |
| 090 |
_a016.23 _bد هـ ل |
||
| 100 | 1 |
_aالدهلوي، سراج الهند عبدالعزيز ولي الله بن عبدالرحيم _d1110-1176 هجري _eمؤلف. |
|
| 245 | 1 | 0 |
_aبستان المحدثين/ _cتأليف عبد العزيز بن الإمام المحدث ولي الله الدهلوي ؛ نقله من الفارسية إلى اللغة العربية محمد إشفاق السلفي ؛ إعداد ومراجعة محمد لقمان السلفي. |
| 250 | _aالطبعة الأولى. | ||
| 264 | 1 |
_aالرياض : _aمدينة السلام، الهند : _bدار الداعي للنشر والتوزيع ؛ _bمركز العلامة ابن باز للدراسات الإسلامية، _c2001 |
|
| 300 |
_a217 صفحة ؛ _c24 سم |
||
| 336 |
_aنص _btxt _2rdacontent _3كتاب |
||
| 337 |
_aبدون وسيط _bn _2rdamedia |
||
| 338 |
_aمجلد _bnc _2rdacarrier |
||
| 650 | 7 |
_aالحديث _vببليوجرافيات _2aucsh |
|
| 650 | 7 |
_aالحديث _xتراجم الرواة _2aucsh |
|
| 700 | 1 |
_aالسلفي، محمد إشفاق _eمترجم. |
|
| 700 | 1 |
_aالسلفي، محمد لقمان، _d1943- _eمعد. |
|
| 942 |
_2ddc _cBOOK _n0 |
||
| 949 |
_aSA-JeALM _d250126 _uosman123 _n1 |
||
| 999 |
_c5291 _d5291 |
||